Normal view MARC view

Entry Personal Name

Number of records used in: 2

001 - CONTROL NUMBER

  • control field: 273

003 - CONTROL NUMBER IDENTIFIER

  • control field: OSt

005 - DATE AND TIME OF LATEST TRANSACTION

  • control field: 20110128115531.0

008 - FIXED-LENGTH DATA ELEMENTS

  • fixed length control field: 110128|||a|||||| | ||| d

040 ## - CATALOGING SOURCE

  • Original cataloging agency: OSt
  • Transcribing agency: OSt

100 ## - HEADING--PERSONAL NAME

  • Personal name: बेडेकर, विजय वा.; पराडकर, मो. दि.; मठ, शं. बा.; साने, यशवंत; दांडेकर, मंजिरी; दीक्षित, प्रशांत; वर्तक, स्वप्ना; पाठक, मोहन

670 ## - SOURCE DATA FOUND

  • Source citation: Work cat.: (OSt): बेडेकर, विजय वा. 272, १०६ दिशा : जुन २००६, २००६